000 00688cam a2200229 i 4500
999 _c4804
_d4804
001 1304366
003 GBCCL
005 20241126110527.0
008 770627s1977 nju 000 0beng
010 _a 77024304
020 _a0800708822 :
_c$8.95
040 _aDLC
_cDLC
_dDLC
050 0 0 _aBT301.2
_b.K44
082 0 0 _a232.901
_aB
_bKEL
100 1 _aKeller, W. Phillip
_q(Weldon Phillip),
_d1920-1997.
_97912
245 1 0 _aRabboni ... which is to say master /
_cW. Phillip Keller.
260 _aOld Tappan, N.J. :
_bRevell,
_cc1977.
300 _a320 p. ;
_c24 cm.
600 0 0 _aJesus Christ
_xBiography.
_92791
906 _a7
_bcbc
_corignew
_d1
_eocip
_f19
_gy-gencatlg
942 _2ddc
_cBK